The knowhow book of action toys

Αποθηκεύτηκε σε:
Λεπτομέρειες βιβλιογραφικής εγγραφής
Κύριος συγγραφέας: Amery, Heather
Άλλοι συγγραφείς: Ross, Neil (Εικονογράφος)
Μορφή: Βιβλίο
Γλώσσα:English
Δημοσίευση: London : Usborne, 1975
Θέματα:
Ετικέτες: Προσθήκη ετικέτας
Δεν υπάρχουν, Καταχωρήστε ετικέτα πρώτοι!

MARC

LEADER 00000nam a2200000 i 4500
001 1/20347
008 970619s1975 eng d
020 |a 0-86020-021-3 
035 |a 1994  |b 3  |c Ανθουλιάς  |l 10036013 
040 |a GR-MY-UA  |b gre  |e aacr 
041 0 |a eng 
082 0 |a 745.592 
100 1 |a Amery, Heather. 
245 1 4 |a The knowhow book of action toys /  |c Heather Amery ; illustrated by Neil Ross 
260 |a London :   |b Usborne,   |c 1975 
300 |a 32 p. 
650 0 0 |a Toy making  |x Juvenile literature. 
650 0 0 |a Handicraft  |x Juvenile literature. 
650 0 0 |a Toy making. 
650 0 0 |a Handicraft. 
700 1 |a Ross, Neil.  |4 ill 
852 |a INST  |b RHODES  |e 19970619  |h 745.592 AME  |p 005400007626  |q 005400007626  |t BK  |y 0 
909 |a Ρ  |b 037034  |c 1994